Famous Pigs - Sudden Death - Statistics

General Stats
  • This quiz has been taken 150 times
    136 since last reset
  • The average score is 7 of 18
Answers on the Grid
Answers color-coded by a green-red scale on the quiz's grid according to % correct below.
Babe
Captain Hogwollop
Dakhel
Dude Brovine
Fozzie Pig
Hamm
Huxley
Ima Hogg
Miss Piggy
Mister Swineham
Napoleon
Orson Pig
Peppa
Piggicus
Piglet
Piglin
Polly Pocket
Porco Rosso
Porky
Pua
Pumbaa
Razorback Dagan
Secretariat
Snowball
Spider-Ham
The Bakin’ Hog
Waddles
Wilbur
Yakko
Ziggy
 
Answer Stats
Answer % Correct
Babe
88%
Miss Piggy
80%
Peppa
77%
Piglet
71%
Porky
64%
Napoleon
58%
Wilbur
55%
Pumbaa
38%
Spider-Ham
38%
Hamm
35%
Snowball
22%
Porco Rosso
20%
Orson Pig
14%
Ziggy
14%
Huxley
13%
Piglin
12%
Pua
10%
Waddles
9%
No matching quizzes found
Score Distribution
Percent of People with Each Score
Percentile by Number Answered
Your Score History
You have not taken this quiz since the last reset